书目信息 |
| 题名: |
发现挪亚方舟
|
|
| 作者: | 王罡 编译 | |
| 分册: | ||
| 出版信息: | 北京 中国电影出版社 2004.6 |
|
| 页数: | 135页 | |
| 开本: | 21cm | |
| 丛书名: | 宇宙与人系列丛书 | |
| 单 册: | ||
| 中图分类: | I17 | |
| 科图分类: | ||
| 主题词: | 民间故事--作品集--世界 , 民间故事 | |
| 电子资源: | ||
| ISBN: | 7-106-02160-1 | |
| 000 | 00786nam2 2200265 45 | |
| 001 | 012004000000 | |
| 005 | 20041027105256.48 | |
| 010 | @a7-106-02160-1@dCNY 27.20 | |
| 100 | @a20040913d2004 em y0chiy0121 ea | |
| 101 | 0 | @achi |
| 102 | @aCN@b110000 | |
| 105 | @aaf z 000fy | |
| 200 | 1 | @a发现挪亚方舟@Afa xian nuo ya fang zhou@e唤醒时间的记忆 寻找人类的方舟@f王罡编译 |
| 210 | @a北京@c中国电影出版社@d2004.6 | |
| 215 | @a135页@c图, 照片@d21cm | |
| 225 | 2 | @a宇宙与人系列丛书@i探索系列 |
| 410 | 0 | @12001 @a宇宙与人系列丛书 |
| 410 | 0 | @12001 @a探索系列 |
| 517 | 1 | @a唤醒时间的记忆 寻找人类的方舟 |
| 606 | 0 | @a民间故事@j作品集@z世界 |
| 606 | 0 | @a民间故事 |
| 690 | @aI17@v4 | |
| 701 | 0 | @a王罡@Awang gang@4编译 |
| 801 | 0 | @aCN@bQSSKm@c20041027 |
| 905 | @a10447@dI17@eW182 | |
| 发现挪亚方舟:唤醒时间的记忆 寻找人类的方舟/王罡编译.-北京:中国电影出版社,2004.6 |
| 135页:图, 照片;21cm.-(宇宙与人系列丛书.探索系列) |
| ISBN 7-106-02160-1:CNY 27.20 |
| ● |
| 相关链接 |
|
|
|
正题名:发现挪亚方舟
索取号:I17/W182
 
预约/预借
| 序号 | 登录号 | 条形码 | 馆藏地/架位号 | 状态 | 备注 |
| 1 | 423280 | 204232801 | 社科二线400B/400B社科库 10排2列1层/ [索取号:I17/W182] | 在馆 | |
| 2 | 423281 | 204232810 | 文学库108/108文学库 4排9列4层/ [索取号:I17/W182] | 在馆 |